Normal view
MARC view
- Ayesha Pervaiz.
Entry Personal Name
001 - CONTROL NUMBER
- control field: 18826
003 - CONTROL NUMBER IDENTIFIER
- control field: NUST
005 - DATE AND TIME OF LATEST TRANSACTION
- control field: 20190729111834.0
008 - FIXED-LENGTH DATA ELEMENTS
- fixed length control field: 190729|| aca||aabn | a|a d
040 ## - CATALOGING SOURCE
- Original cataloging agency: NUST
- Transcribing agency: NUST
100 ## - HEADING--PERSONAL NAME
- Personal name: Ayesha Pervaiz.
670 ## - SOURCE DATA FOUND
- Source citation: Work cat.: (NUST): Khan, Imran 18825, SOCIAL MEDIA LANDSCAPE IN PAKISTAN /, 2013.
